[Event "Maplewood inv."]
[Site "Waterloo CAN"]
[Date "2022.11.15"]
[Round "3"]
[White "Ortiz Suarez, Isan Reynaldo"]
[Black "Noritsyn, Nikolay"]
[Result "1-0"]
[WhiteElo "2520"]
[BlackElo "2446"]
[PlyCount "95"]
[EventDate "2022.11.14"]
[EventType "tourn"]
[EventRounds "9"]
[EventCountry "CAN"]

1. Nf3 e6 2. c4 d5 3. g3 g6 4. Bg2 Bg7 5. cxd5 exd5 6. d4 Ne7 7. Nc3 Nbc6 8.
O-O Bg4 9. e3 Qd7 10. b4 a6 11. Qb3 O-O 12. Ne1 Bh3 13. Bxh3 Qxh3 14. Nxd5 Nxd5
15. Qxd5 Rad8 16. Qc4 Rfe8 17. Bb2 Rd6 18. Nf3 Qh5 19. Kg2 Rf6 20. Nd2 b5 21.
Qc5 Qe2 22. d5 Ne5 23. Bxe5 Rxe5 24. Qxc7 Ref5 25. Ne4 Qf3+ 26. Kg1 Qxe4 27. d6
Rxd6 28. Qxd6 Bxa1 29. Rxa1 h5 30. Rd1 Kh7 31. Qd4 Qe6 32. Rd2 Rf6 33. h4 Qf5
34. e4 Qe6 35. Rc2 Qd6 36. Qxd6 Rxd6 37. Rc7 Kg7 38. e5 Rd4 39. e6 Kf6 40. e7
Re4 41. Ra7 g5 42. hxg5+ Kxg5 43. Rxa6 Kg4 44. Rb6 Rxe7 45. Rxb5 Ra7 46. Ra5
Rb7 47. b5 Kh3 48. Ra4 1-0

[Event "Maplewood inv."]
[Site "Waterloo CAN"]
[Date "2022.11.15"]
[Round "3"]
[White "Plotkin, Mark"]
[Black "Kantans, Toms"]
[Result "1-0"]
[WhiteElo "2361"]
[BlackElo "2517"]
[PlyCount "93"]
[EventDate "2022.11.14"]
[EventType "tourn"]
[EventRounds "9"]
[EventCountry "CAN"]

1. Nf3 Nf6 2. g3 g6 3. Bg2 Bg7 4. O-O O-O 5. c4 d5 6. cxd5 Nxd5 7. d4 Nb6 8.
Nc3 Nc6 9. e3 e5 10. d5 Ne7 11. e4 Bg4 12. h3 Bxf3 13. Qxf3 c6 14. Rd1 cxd5 15.
exd5 Nf5 16. d6 Rb8 17. Qd3 Qd7 18. Ne4 Rbc8 19. Bg5 h6 20. Bd2 Na4 21. Qa3 b6
22. g4 Nd4 23. Bxh6 f5 24. Bxg7 Kxg7 25. gxf5 Rxf5 26. Rxd4 exd4 27. Qb4 Nc5
28. Qxd4+ Kh6 29. Nf6 Qe6 30. d7 Rd8 31. Qh4+ Kg7 32. Ne8+ Rxe8 33. dxe8=Q Qxe8
34. Rd1 a5 35. Rd8 Qe1+ 36. Bf1 Rh5 37. Qd4+ Qe5 38. Qxe5+ Rxe5 39. Rd6 Re6 40.
Rxe6 Nxe6 41. Kg2 Kf6 42. Kf3 Ke5 43. Kg4 g5 44. Bc4 Nf4 45. Ba6 Kf6 46. h4 Ne6
47. Bc8 1-0

[Event "Maplewood inv."]
[Site "Waterloo CAN"]
[Date "2022.11.15"]
[Round "3"]
[White "Rodrigue-Lemieux, Shawn"]
[Black "Sambuev, Bator"]
[Result "1-0"]
[WhiteElo "2465"]
[BlackElo "2432"]
[PlyCount "101"]
[EventDate "2022.11.14"]
[EventType "tourn"]
[EventRounds "9"]
[EventCountry "CAN"]

1. e4 e5 2. Nf3 Nc6 3. Bc4 Bc5 4. c3 Nf6 5. d4 exd4 6. e5 d5 7. Bb5 Ne4 8. cxd4
Bb6 9. Nc3 O-O 10. Be3 Bg4 11. h3 Bxf3 12. gxf3 Nxc3 13. bxc3 f6 14. f4 Qe7 15.
Bd3 f5 16. Qf3 Qe6 17. O-O Na5 18. Kh2 c6 19. Rg1 Bd8 20. Rg2 Qh6 21. Rag1 g6
22. c4 Nxc4 23. Bxc4 dxc4 24. d5 cxd5 25. Qxd5+ Kh8 26. Rc1 Bb6 27. Qxb7 Rac8
28. Qa6 c3 29. Qa3 Bd4 30. Rd1 Rfd8 31. Qa6 Bb6 32. Rxd8+ Rxd8 33. Qc4 Bd4 34.
Rg5 Bxe3 35. fxe3 Qf8 36. Qxc3 Rc8 37. Qa5 Qc5 38. Qxc5 Rxc5 39. Rg2 Rc3 40.
Re2 Kg7 41. Kg3 Kf7 42. Kf3 g5 43. Rd2 gxf4 44. Kxf4 h5 45. Rd7+ Ke6 46. Rd6+
Ke7 47. Ra6 h4 48. Rxa7+ Ke6 49. Ra6+ Ke7 50. Rh6 Ra3 51. Kxf5 1-0

[Event "Maplewood inv."]
[Site "Waterloo CAN"]
[Date "2022.11.15"]
[Round "3"]
[White "Samsonkin, Artiom"]
[Black "Bosiocic, Marin"]
[Result "0-1"]
[WhiteElo "2421"]
[BlackElo "2536"]
[PlyCount "56"]
[EventDate "2022.11.14"]
[EventType "tourn"]
[EventRounds "9"]
[EventCountry "CAN"]

1. e4 c5 2. Nf3 e6 3. d4 cxd4 4. Nxd4 Nc6 5. Nc3 Qc7 6. Be3 a6 7. g4 b5 8. Nxc6
dxc6 9. f4 Bb7 10. Bg2 Rd8 11. Qe2 Ne7 12. Qf2 Ng6 13. O-O c5 14. f5 Ne5 15.
Bf4 Bd6 16. Rad1 b4 17. Na4 O-O 18. fxe6 fxe6 19. Rxd6 Qxd6 20. Qxc5 Nf3+ 21.
Rxf3 Qd1+ 22. Kf2 Bxe4 23. Qe3 Bxf3 24. Bxf3 Qxc2+ 25. Kg3 Qxa4 26. Qxe6+ Kh8
27. Be5 Qe8 28. Qxe8 Rfxe8 0-1

[Event "Maplewood inv."]
[Site "Waterloo CAN"]
[Date "2022.11.16"]
[Round "4"]
[White "Kantans, Toms"]
[Black "Samsonkin, Artiom"]
[Result "1/2-1/2"]
[WhiteElo "2396"]
[BlackElo "2421"]
[PlyCount "78"]
[EventDate "2022.11.14"]
[EventType "tourn"]
[EventRounds "9"]
[EventCountry "CAN"]

1. e4 c6 2. d4 d5 3. e5 Bf5 4. g4 Bd7 5. c4 e6 6. Nc3 c5 7. Nge2 Nc6 8. Bg2
cxd4 9. Nxd4 dxc4 10. Nxc6 Bxc6 11. Bxc6+ bxc6 12. Qa4 Qc7 13. O-O h5 14. g5
Ne7 15. Qxc4 Nd5 16. Bd2 Be7 17. Ne4 O-O 18. Rfe1 Rfd8 19. Rac1 Rab8 20. b3 Bb4
21. Bxb4 Rxb4 22. Qxc6 Qe7 23. Rc4 Nf4 24. Kf1 Rxc4 25. bxc4 Qa3 26. Nd6 Qh3+
27. Kg1 Qg4+ 28. Kf1 Qh3+ 29. Kg1 Qg4+ 30. Kf1 Nd3 31. Re2 Rb8 32. Nb5 a6 33.
Nc3 Qh3+ 34. Kg1 Qg4+ 35. Kf1 Qh3+ 36. Kg1 Qg4+ 37. Kf1 Qxg5 38. Re3 Qg4 39.
Re2 Nf4 1/2-1/2

[Event "Maplewood inv."]
[Site "Waterloo CAN"]
[Date "2022.11.16"]
[Round "4"]
[White "Noritsyn, Nikolay"]
[Black "Plotkin, Mark"]
[Result "1-0"]
[WhiteElo "2446"]
[BlackElo "2361"]
[PlyCount "75"]
[EventDate "2022.11.14"]
[EventType "tourn"]
[EventRounds "9"]
[EventCountry "CAN"]

1. e4 g6 2. d4 Bg7 3. Nc3 a6 4. h4 h5 5. Bc4 d6 6. Qf3 e6 7. Bg5 Qd7 8. O-O-O
Nc6 9. Nge2 b5 10. Bb3 Bb7 11. a3 e5 12. Bd5 f6 13. Be3 Nge7 14. Qg3 O-O-O 15.
dxe5 fxe5 16. Ba2 Kb8 17. f3 Rdf8 18. Kb1 Nd8 19. Nd5 Nxd5 20. exd5 Bh6 21. Bg1
Qf5 22. Qf2 g5 23. Ng3 Qg6 24. hxg5 Bxg5 25. Ne4 Bf4 26. g3 Bh6 27. a4 Qf5 28.
Rd3 Kc8 29. axb5 axb5 30. Bb3 Kd7 31. Rc3 Nf7 32. Rxh5 Qg6 33. Qe2 b4 34. Rc4
Kd8 35. Rxb4 Qxh5 36. Rxb7 Qh1 37. Qc4 Qxg1+ 38. Ka2 1-0

[Event "Maplewood inv."]
[Site "Waterloo CAN"]
[Date "2022.11.16"]
[Round "4"]
[White "Rodrigue-Lemieux, Shawn"]
[Black "Liang, Jason"]
[Result "0-1"]
[WhiteElo "2465"]
[BlackElo "2492"]
[PlyCount "92"]
[EventDate "2022.11.14"]
[EventType "tourn"]
[EventRounds "9"]
[EventCountry "CAN"]

1. e4 c5 2. Nf3 e6 3. d4 cxd4 4. Nxd4 Nc6 5. Bf4 d6 6. Nxc6 bxc6 7. c4 Rb8 8.
Qc2 e5 9. Be3 Nf6 10. Nc3 Ng4 11. Bc1 Be7 12. Be2 O-O 13. h3 Nf6 14. O-O Be6
15. Rd1 Qc7 16. Bg5 Rfd8 17. Rac1 h6 18. Be3 Nh7 19. b3 a6 20. Rd2 Bg5 21. Bxg5
hxg5 22. c5 d5 23. Bxa6 Nf6 24. Bd3 Qa5 25. exd5 cxd5 26. Bf5 Bxf5 27. Qxf5 d4
28. Nb1 e4 29. Qe5 Rb4 30. a3 Rxb3 31. Rxd4 Re8 32. Qxg5 e3 33. fxe3 Rbxe3 34.
Kh2 R8e5 35. Qf4 Qc7 36. Rd6 Ne8 37. Rc3 R3e4 38. Qd2 Re2 39. Qd4 Rg5 40. Rg3
Rxg3 41. Kxg3 Re6 42. Qf4 Nxd6 43. cxd6 Qb7 44. Nd2 Rg6+ 45. Kh4 Rf6 46. Qe5
Qxg2 0-1

[Event "Maplewood inv."]
[Site "Waterloo CAN"]
[Date "2022.11.16"]
[Round "4"]
[White "Sai Krishna, GV."]
[Black "Ortiz Suarez, Isan Reynaldo"]
[Result "1-0"]
[WhiteElo "2395"]
[BlackElo "2520"]
[PlyCount "69"]
[EventDate "2022.11.14"]
[EventType "tourn"]
[EventRounds "9"]
[EventCountry "CAN"]

1. e4 c5 2. Nf3 d6 3. d4 cxd4 4. Nxd4 Nf6 5. Nc3 a6 6. Bg5 e6 7. f4 h6 8. Bh4
Be7 9. Qf3 Qc7 10. O-O-O Nbd7 11. Be2 Rg8 12. Bg3 g5 13. e5 g4 14. Qf2 dxe5 15.
fxe5 Nh5 16. Nd5 Bg5+ 17. Kb1 Qc5 18. Rhf1 Rf8 19. Nxe6 fxe6 20. Qxc5 Nxc5 21.
Nc7+ Ke7 22. Rxf8 Kxf8 23. Nxa8 Nxg3 24. hxg3 Nd7 25. Bxg4 Ke7 26. Rd4 b5 27.
Bf3 Be3 28. Re4 Ba7 29. a4 bxa4 30. Rxa4 Nxe5 31. Be2 Nd7 32. Nc7 Nc5 33. Ra3
e5 34. b4 Ne4 35. Bxa6 1-0

[Event "Maplewood inv."]
[Site "Waterloo CAN"]
[Date "2022.11.16"]
[Round "4"]
[White "Sambuev, Bator"]
[Black "Bosiocic, Marin"]
[Result "0-1"]
[WhiteElo "2432"]
[BlackElo "2536"]
[PlyCount "80"]
[EventDate "2022.11.14"]
[EventType "tourn"]
[EventRounds "9"]
[EventCountry "CAN"]

1. d4 Nf6 2. c4 e6 3. Nc3 Bb4 4. e3 O-O 5. Bd3 d5 6. Nf3 c5 7. O-O dxc4 8. Bxc4
Nc6 9. a3 Ba5 10. Qd3 a6 11. dxc5 Qxd3 12. Bxd3 Bxc3 13. bxc3 Na5 14. Rb1 Rd8
15. Ne5 Nd7 16. Nxd7 Bxd7 17. Rb4 Rac8 18. Bb2 e5 19. Be4 Bb5 20. c4 Bxc4 21.
Rc1 Rxc5 22. f4 b5 23. Bxe5 Rcc8 24. Bf5 Be6 25. Rxc8 Rxc8 26. Bxe6 fxe6 27.
Kf2 Nc4 28. a4 Nxe5 29. fxe5 Rc5 30. axb5 axb5 31. Rd4 Rd5 32. Kf3 Rxd4 33.
exd4 Kf7 34. Ke4 g5 35. d5 exd5+ 36. Kxd5 Ke7 37. Kc5 Ke6 38. Kxb5 Kxe5 39. Kc6
g4 40. Kd7 h5 0-1

[Event "Maplewood inv."]
[Site "Waterloo CAN"]
[Date "2022.11.16"]
[Round "5"]
[White "Bosiocic, Marin"]
[Black "Kantans, Toms"]
[Result "0-1"]
[WhiteElo "2536"]
[BlackElo "2517"]
[PlyCount "88"]
[EventDate "2022.11.14"]
[EventType "tourn"]
[EventRounds "9"]
[EventCountry "CAN"]

1. Nf3 c5 2. c4 Nc6 3. Nc3 e5 4. g3 g6 5. Bg2 Bg7 6. O-O Nge7 7. a3 O-O 8. Rb1
a5 9. Ne1 d6 10. Nc2 Be6 11. Ne3 f5 12. Ned5 Rb8 13. d3 Bf7 14. Bg5 h6 15. Bxe7
Nxe7 16. b4 Nxd5 17. Bxd5 axb4 18. axb4 b6 19. Qa4 e4 20. Bxf7+ Rxf7 21. Nd5
exd3 22. e3 b5 23. cxb5 c4 24. Rbc1 Ra8 25. Qd1 Rc8 26. Qd2 Kh7 27. Rfd1 Rb7
28. b6 Qg8 29. Nf4 Rxb6 30. e4 fxe4 31. Qe3 Rxb4 32. Qxe4 Qe8 33. Qd5 Rb5 34.
Qxd6 Be5 35. Qa6 Ra8 36. Qe6 Qxe6 37. Nxe6 Ra4 38. Nf4 Bb2 39. Nxd3 Bxc1 40.
Nxc1 Ra1 41. Kg2 Rb2 42. Kf3 Rc2 43. Rd7+ Kg8 44. Ne2 Ra3+ 0-1

[Event "Maplewood inv."]
[Site "Waterloo CAN"]
[Date "2022.11.16"]
[Round "5"]
[White "Liang, Jason"]
[Black "Sambuev, Bator"]
[Result "1/2-1/2"]
[WhiteElo "2492"]
[BlackElo "2432"]
[PlyCount "127"]
[EventDate "2022.11.14"]
[EventType "tourn"]
[EventRounds "9"]
[EventCountry "CAN"]

1. e4 e5 2. Nf3 Nc6 3. Bc4 Bc5 4. c3 Nf6 5. d3 O-O 6. O-O d6 7. h3 a5 8. Re1 h6
9. Nbd2 Ba7 10. Nf1 Be6 11. Bb5 Ne7 12. Ng3 Bd7 13. Bxd7 Qxd7 14. d4 Ng6 15.
Be3 Rfe8 16. Qd3 a4 17. Rad1 Qc6 18. d5 Qa6 19. Qxa6 bxa6 20. Nd2 Reb8 21. Nc4
Rb5 22. Bxa7 Rxa7 23. Nf5 Nd7 24. Rd2 Kf8 25. g3 Nc5 26. f3 Ne7 27. Nfe3 Ra8
28. Kh2 Rab8 29. Ree2 Nb7 30. Na3 Rc5 31. h4 Na5 32. Rf2 Nc8 33. Rc2 Nb6 34.
Kg2 h5 35. Kf1 g6 36. Ke2 c6 37. dxc6 Nxc6 38. Rd2 Ke7 39. f4 exf4 40. gxf4 Rd8
41. Kf3 d5 42. exd5 Nxd5 43. Rfe2 Kf6 44. Nxd5+ Rcxd5 45. Rxd5 Rxd5 46. Nc4 Ne7
47. Ne3 Rc5 48. c4 Nf5 49. Nxf5 Kxf5 50. b3 axb3 51. axb3 f6 52. Re8 Rc6 53.
Rd8 Rb6 54. Rd5+ Ke6 55. Rd3 a5 56. Ke4 Rb4 57. Rc3 a4 58. bxa4 Rxa4 59. f5+
gxf5+ 60. Kf4 Ra5 61. Re3+ Kf7 62. Rc3 Ke6 63. Re3+ Kf7 64. Rc3 1/2-1/2

[Event "Maplewood inv."]
[Site "Waterloo CAN"]
[Date "2022.11.16"]
[Round "5"]
[White "Ortiz Suarez, Isan Reynaldo"]
[Black "Rodrigue-Lemieux, Shawn"]
[Result "1/2-1/2"]
[WhiteElo "2520"]
[BlackElo "2465"]
[PlyCount "141"]
[EventDate "2022.11.14"]
[EventType "tourn"]
[EventRounds "9"]
[EventCountry "CAN"]

1. Nf3 d5 2. c4 e6 3. g3 Nf6 4. Bg2 Be7 5. O-O O-O 6. d4 dxc4 7. Qc2 a6 8. a4
Bd7 9. Rd1 Bc6 10. Bg5 b5 11. Bxf6 Bxf6 12. Nc3 Qe8 13. e4 e5 14. Nd5 Bxd5 15.
dxe5 Bb7 16. exf6 Qxe4 17. Qd2 Nc6 18. axb5 axb5 19. Qg5 Qg6 20. Qxb5 Rab8 21.
fxg7 Qxg7 22. Qxc4 Qxb2 23. Qf4 Nd8 24. Ne5 Ne6 25. Qg4+ Ng7 26. Nd3 Qf6 27.
Rac1 Bxg2 28. Kxg2 Qe7 29. Nf4 Qe4+ 30. Kg1 Rb6 31. Re1 Qb4 32. Qd7 c6 33. Re3
Ra6 34. Rec3 Qe4 35. Rxc6 Rxc6 36. Qxc6 Qxc6 37. Rxc6 Rd8 38. h4 Nf5 39. h5 Rd6
40. Rc5 Nd4 41. Kg2 Ne6 42. Nxe6 Rxe6 43. g4 h6 44. Kg3 Kg7 45. Kf4 Rf6+ 46.
Rf5 Ra6 47. Re5 Rf6+ 48. Kg3 Ra6 49. f4 Ra3+ 50. Kf2 Ra2+ 51. Kf3 Ra4 52. Rd5
Rb4 53. Ke3 Rb6 54. Ke4 Re6+ 55. Kf3 Ra6 56. g5 Ra1 57. Kg4 Rg1+ 58. Kf5 hxg5
59. fxg5 Rf1+ 60. Kg4 Rg1+ 61. Kf4 Rf1+ 62. Kg3 Rh1 63. Kg4 Rg1+ 64. Kf5 Rf1+
65. Ke5 f6+ 66. gxf6+ Rxf6 67. Rd7+ Rf7 68. h6+ Kg6 69. Rxf7 Kxf7 70. Kf5 Kg8
71. Kg6 1/2-1/2

[Event "Maplewood inv."]
[Site "Waterloo CAN"]
[Date "2022.11.16"]
[Round "5"]
[White "Plotkin, Mark"]
[Black "Sai Krishna, GV."]
[Result "1-0"]
[WhiteElo "2361"]
[BlackElo "2395"]
[PlyCount "139"]
[EventDate "2022.11.14"]
[EventType "tourn"]
[EventRounds "9"]
[EventCountry "CAN"]

1. Nf3 Nf6 2. g3 g6 3. Bg2 Bg7 4. O-O O-O 5. c4 d6 6. d4 Nc6 7. Nc3 a6 8. b3
Rb8 9. a4 Bg4 10. h3 Bxf3 11. Bxf3 Nd7 12. e3 e5 13. Ne2 exd4 14. Nxd4 Nxd4 15.
exd4 Qf6 16. Bb2 c5 17. Bg4 Rfd8 18. Re1 cxd4 19. Bxd7 Rxd7 20. Qg4 Re7 21.
Rxe7 Qxe7 22. Bxd4 h5 23. Qf4 Rc8 24. Bxg7 Kxg7 25. Rd1 Rc6 26. Rd5 Qf6 27. Qe3
Qe6 28. Qd4+ Qf6 29. Qe3 Qe6 30. Qc3+ Qf6 31. Qb4 Qe7 32. Qd2 Qe6 33. Kh2 Qf6
34. Kg2 Rb6 35. b4 Rc6 36. Qd3 Qe6 37. b5 Rc5 38. Qd4+ Kh7 39. Rxc5 dxc5 40.
Qxc5 Qe4+ 41. Kh2 Qc2 42. bxa6 bxa6 43. a5 Qe2 44. h4 Kg8 45. Kg2 Qe4+ 46. Kf1
Qd3+ 47. Ke1 Qc3+ 48. Ke2 Kg7 49. Qd5 Qb2+ 50. Kf3 Qc3+ 51. Kf4 Qc2 52. Qc5 f6
53. Qe7+ Kh6 54. Qf8+ Kh7 55. Qf7+ Kh6 56. Kf3 Qf5+ 57. Kg2 Qe4+ 58. Kh2 Qf5
59. Qf8+ Kh7 60. Qe7+ Kg8 61. Kg2 Qxa5 62. Qxf6 Kh7 63. Qf7+ Kh6 64. Qf8+ Kh7
65. c5 Qc3 66. Qe7+ Kg8 67. Qe6+ Kg7 68. c6 a5 69. Qd7+ Kf6 70. c7 1-0

[Event "Maplewood inv."]
[Site "Waterloo CAN"]
[Date "2022.11.16"]
[Round "5"]
[White "Samsonkin, Artiom"]
[Black "Noritsyn, Nikolay"]
[Result "1-0"]
[WhiteElo "2421"]
[BlackElo "2446"]
[PlyCount "225"]
[EventDate "2022.11.14"]
[EventType "tourn"]
[EventRounds "9"]
[EventCountry "CAN"]

1. e4 e6 2. d4 d5 3. Nc3 Nf6 4. Bg5 dxe4 5. Nxe4 Bd7 6. Nf3 Bc6 7. Bd3 Be7 8.
Bxf6 Bxf6 9. c3 Nd7 10. Qe2 Bxe4 11. Qxe4 c6 12. O-O g6 13. Rad1 O-O 14. Rfe1
Qb6 15. Qe2 Rfd8 16. Bc4 Qc7 17. Bb3 a5 18. a3 Kg7 19. Ba2 Nb6 20. Nd2 Nd5 21.
Ne4 Be7 22. c4 Nf6 23. Nxf6 Bxf6 24. d5 Re8 25. Qd2 Rad8 26. b4 axb4 27. axb4
cxd5 28. cxd5 Rd6 29. Qc1 Qxc1 30. Rxc1 Ra8 31. dxe6 Rxa2 32. e7 Bxe7 33. Rxe7
Rf6 34. f3 Rd6 35. h4 Rdd2 36. Rcc7 Rxg2+ 37. Kh1 Rge2 38. Rxe2 Rxe2 39. Kg1 b6
40. Rb7 Re6 41. Kf2 Rc6 42. Kg3 h5 43. b5 Rd6 44. Kf4 Re6 45. Kg3 Rf6 46. Rb8
Rd6 47. Kf4 Kf6 48. Rb7 Kg7 49. Kg3 Kf8 50. Kf4 Rf6+ 51. Ke4 Ke8 52. f4 Kf8 53.
Rb8+ Kg7 54. Rb7 Re6+ 55. Kd5 Rf6 56. Ke4 Kg8 57. Rb8+ Kh7 58. Rb7 Kg7 59. Rb8
Rd6 60. Ke5 Re6+ 61. Kd5 Rf6 62. Ke4 Kh7 63. Rb7 Kg8 64. Rb8+ Kg7 65. Rb7 Re6+
66. Kd5 Kf6 67. Rc7 Re1 68. Kc6 Rf1 69. Kxb6 Rxf4 70. Kc5 Rf1 71. b6 Kg7 72. b7
Rb1 73. Kc6 g5 74. hxg5 Kg6 75. Rc8 Kxg5 76. b8=Q Rxb8 77. Rxb8 h4 78. Kd5 Kf4
79. Rh8 Kg3 80. Ke4 h3 81. Ke3 h2 82. Rg8+ Kh3 83. Kf2 h1=N+ 84. Kf3 Kh2 85.
Rg7 f5 86. Rg2+ Kh3 87. Ra2 Ng3 88. Ra8 Kh4 89. Kf4 Ne2+ 90. Kf3 Nd4+ 91. Kf4
Ne2+ 92. Ke3 Ng3 93. Kf3 Nh5 94. Rg8 Nf6 95. Rg6 Nh5 96. Rg1 f4 97. Rg6 Kh3 98.
Rg4 Ng3 99. Rxf4 Nf1 100. Kf2 Nh2 101. Ra4 Ng4+ 102. Kf3 Ne5+ 103. Kf4 Ng6+
104. Kg5 Ne5 105. Ra3+ Kg2 106. Kf4 Ng6+ 107. Kf5 Ne7+ 108. Kf6 Nd5+ 109. Ke5
Nb4 110. Rb3 Nc6+ 111. Ke4 Kf2 112. Rb6 Ne7 113. Re6 1-0

[Event "Maplewood inv."]
[Site "Waterloo CAN"]
[Date "2022.11.17"]
[Round "6"]
[White "Liang, Jason"]
[Black "Ortiz Suarez, Isan Reynaldo"]
[Result "1-0"]
[WhiteElo "2492"]
[BlackElo "2520"]
[PlyCount "61"]
[EventDate "2022.11.14"]
[EventType "tourn"]
[EventRounds "9"]
[EventCountry "CAN"]

1. e4 c5 2. Ne2 d6 3. g3 g6 4. Bg2 Bg7 5. c3 Nf6 6. d4 O-O 7. O-O Nc6 8. d5 Na5
9. Na3 Nd7 10. Rb1 b6 11. b3 a6 12. f4 Qc7 13. Nc2 b5 14. Ne3 Nb7 15. g4 a5 16.
Qc2 Nd8 17. g5 f6 18. h4 Nf7 19. e5 dxe5 20. d6 Qb8 21. dxe7 Re8 22. f5 e4 23.
fxg6 hxg6 24. Qxe4 Ra6 25. Qxg6 Nde5 26. Qh5 fxg5 27. hxg5 Bb7 28. Nd5 Rg6 29.
Bf4 Qc8 30. Bxe5 Nxe5 31. Nef4 1-0

[Event "Maplewood inv."]
[Site "Waterloo CAN"]
[Date "2022.11.17"]
[Round "6"]
[White "Noritsyn, Nikolay"]
[Black "Bosiocic, Marin"]
[Result "1/2-1/2"]
[WhiteElo "2446"]
[BlackElo "2536"]
[PlyCount "230"]
[EventDate "2022.11.14"]
[EventType "tourn"]
[EventRounds "9"]
[EventCountry "CAN"]

1. e4 c5 2. Nf3 Nc6 3. Bb5 e6 4. O-O Nge7 5. c3 a6 6. Bxc6 Nxc6 7. d4 d5 8. e5
b6 9. Re1 Qc7 10. Bf4 h6 11. Nbd2 cxd4 12. Nxd4 Nxd4 13. cxd4 Bd7 14. Rc1 Qb7
15. Qg4 Rc8 16. Nf1 a5 17. Ng3 g6 18. Nf1 Be7 19. h4 Rxc1 20. Rxc1 Qa6 21. Rc3
a4 22. a3 Bb5 23. Ne3 Be2 24. Qh3 Qb5 25. Kh2 Kd7 26. Rc1 Qd3 27. Nc2 Qe4 28.
Qe3 Qxe3 29. Bxe3 Bxh4 30. g3 Be7 31. Kg2 g5 32. Bd2 g4 33. Bb4 Bg5 34. Ne3 h5
35. Bd6 Bd8 36. Kg1 h4 37. Ng2 h3 38. Ne1 f5 39. Rc2 Bc4 40. f4 gxf3 41. Nxf3
Bd3 42. Rc3 Be4 43. Kh2 b5 44. Ng1 Bb6 45. Ne2 Bg2 46. Bc5 Bd8 47. Bd6 Bf1 48.
Nf4 Bc4 49. Bc5 Ba5 50. Rc2 Bb3 51. Rf2 Bd1 52. Nd3 Kc6 53. Bb4 Bd8 54. Nc5 Rh6
55. Bd2 Rg6 56. Nd3 Rg4 57. Nf4 Kd7 58. Bb4 Rg8 59. Kxh3 Bb6 60. Bc3 Rc8 61.
Kg2 b4 62. Bxb4 Bxd4 63. Rd2 Rc2 64. Rxc2 Bxc2 65. Bc3 Be3 66. Ne2 Be4+ 67. Kh3
Kc6 68. Bd4 Bd2 69. Nf4 Kd7 70. Kh2 Bf3 71. Kg1 Be1 72. Bf2 Ba5 73. Bd4 Be4 74.
Kf2 Bc2 75. Ke2 Bb3 76. Kf2 Bc4 77. Ke3 Ba6 78. Bc3 Bd8 79. Bd4 Bc8 80. Ne2 Ke7
81. Bc5+ Kf7 82. Nf4 Ba5 83. Bd4 Bd7 84. Bc3 Bd8 85. Bd4 Ke8 86. Bc3 Kf7 87.
Bd4 Bc8 88. Bc3 Kg7 89. Bd4 Kh6 90. Kf3 Bd7 91. Ke3 Bg5 92. Kf3 Kg7 93. Nd3 Kf7
94. Be3 Be7 95. Bc5 Bd8 96. Bd4 Bb5 97. Nf4 Ba5 98. Kf2 Ke7 99. Ng6+ Ke8 100.
Nf4 Kd7 101. Ng6 Ba6 102. Nf8+ Ke7 103. Ng6+ Ke8 104. Kf3 Bc8 105. Ke3 Be1 106.
Kf3 Bb7 107. Nf4 Ke7 108. Nd3 Ba5 109. Ke3 Ba6 110. Nf4 Be1 111. Kf3 Ba5 112.
Ke3 Kd7 113. Bc3 Bd8 114. Bd4 Bc8 115. Ne2 Bg5+ 1/2-1/2

[Event "Maplewood inv."]
[Site "Waterloo CAN"]
[Date "2022.11.17"]
[Round "6"]
[White "Rodrigue-Lemieux, Shawn"]
[Black "Plotkin, Mark"]
[Result "0-1"]
[WhiteElo "2465"]
[BlackElo "2361"]
[PlyCount "170"]
[EventDate "2022.11.14"]
[EventType "tourn"]
[EventRounds "9"]
[EventCountry "CAN"]

1. c4 f5 2. Nf3 Nf6 3. g3 e6 4. Bg2 Be7 5. O-O O-O 6. d4 c6 7. Qc2 d5 8. Nbd2
Ne4 9. Ne5 Nd7 10. Nd3 Bf6 11. e3 Qe8 12. b3 b6 13. Ba3 Rf7 14. Rac1 Ba6 15.
Rfe1 Rc8 16. f3 Nxd2 17. Qxd2 dxc4 18. bxc4 c5 19. dxc5 Nxc5 20. Nxc5 bxc5 21.
Qa5 Qc6 22. Red1 Qb6 23. Qa4 Rfc7 24. f4 Bb7 25. Rb1 Qa6 26. Qxa6 Bxa6 27. Bf1
Kf7 28. Rd6 Bb7 29. Bg2 Bxg2 30. Kxg2 Be7 31. Ra6 Rd8 32. Kf3 Rd2 33. Rb2 Rd3
34. Ke2 Rcd7 35. Rc2 Rd1 36. Ra5 Rh1 37. Kf3 Rf1+ 38. Kg2 Rfd1 39. Kf3 Rf1+ 40.
Kg2 Rfd1 41. h3 Re1 42. Kf3 Rf1+ 43. Rf2 Rxf2+ 44. Kxf2 Rd2+ 45. Ke1 Rg2 46.
Rxa7 Ke8 47. Bc1 Rxg3 48. Kf1 Rxh3 49. Kg2 Rh6 50. a4 Rg6+ 51. Kh2 Rh6+ 52. Kg2
Rg6+ 53. Kf1 h5 54. a5 h4 55. a6 e5 56. Ra8+ Kf7 57. a7 Ra6 58. Kg2 exf4 59.
exf4 Bf6 60. Kh3 Kg6 61. Bd2 Ra3+ 62. Kg2 Ra2 63. Kh3 Bd4 64. Be1 Be3 65. Kxh4
Bxf4 66. Bg3 Bxg3+ 67. Kxg3 Kg5 68. Kf3 Ra3+ 69. Ke2 Kf4 70. Rc8 Rxa7 71. Rxc5
g5 72. Rd5 Ke4 73. Rd2 g4 74. c5 f4 75. Rc2 Kd5 76. c6 Rc7 77. Rd2+ Kxc6 78.
Rd4 Rf7 79. Kf2 Kc5 80. Rd8 Ra7 81. Rf8 Ra2+ 82. Kf1 Ra4 83. Rg8 g3 84. Kg2
Ra2+ 85. Kf3 Rf2+ 0-1

[Event "Maplewood inv."]
[Site "Waterloo CAN"]
[Date "2022.11.17"]
[Round "6"]
[White "Sai Krishna, GV."]
[Black "Samsonkin, Artiom"]
[Result "1/2-1/2"]
[WhiteElo "2395"]
[BlackElo "2432"]
[PlyCount "112"]
[EventDate "2022.11.14"]
[EventType "tourn"]
[EventRounds "9"]
[EventCountry "CAN"]

1. e4 c6 2. d4 d5 3. Nc3 dxe4 4. Nxe4 Nf6 5. Nxf6+ exf6 6. c3 Bd6 7. Bd3 Na6 8.
Ne2 Nc7 9. O-O O-O 10. Ng3 Re8 11. Qf3 g6 12. Ne4 Be7 13. Qg3 Ne6 14. h4 Ng7
15. Re1 Bf5 16. Bh6 Bxe4 17. Bxe4 f5 18. Bc2 Bxh4 19. Rxe8+ Nxe8 20. Qf4 Nc7
21. Re1 Nd5 22. Qf3 Bg5 23. Bxg5 Qxg5 24. Bb3 Rd8 25. Bxd5 Rxd5 26. Qe2 Kg7 27.
Qe7 Qd2 28. Re5 Qc1+ 29. Kh2 Qf4+ 30. Kg1 Qc1+ 31. Kh2 Qf4+ 32. Kg1 b5 33. g3
Rxe5 34. dxe5 Qe4 35. Qf6+ Kh6 36. f4 Qe1+ 37. Kg2 Qd2+ 38. Kg1 Qd1+ 39. Kh2
Qd2+ 40. Kg1 Qd5 41. a3 a5 42. b4 a4 43. Kf2 Qd2+ 44. Kf1 Qd7 45. Kf2 Qe6 46.
Qd8 Kg7 47. Kg1 h5 48. Kh2 Qa2+ 49. Kh3 Qe6 50. Kh4 Qd5 51. Qf6+ Kf8 52. Kg5
Ke8 53. Qh8+ Ke7 54. Qf6+ Kf8 55. Qh8+ Ke7 56. Qf6+ Kf8 1/2-1/2

[Event "Maplewood inv."]
[Site "Waterloo CAN"]
[Date "2022.11.17"]
[Round "6"]
[White "Sambuev, Bator"]
[Black "Kantans, Toms"]
[Result "1-0"]
[WhiteElo "2432"]
[BlackElo "2396"]
[PlyCount "101"]
[EventDate "2022.11.14"]
[EventType "tourn"]
[EventRounds "9"]
[EventCountry "CAN"]

1. d4 Nf6 2. c4 g6 3. Nc3 d5 4. cxd5 Nxd5 5. e4 Nxc3 6. bxc3 Bg7 7. Bc4 c5 8.
Ne2 O-O 9. O-O Nc6 10. Be3 Qc7 11. Rc1 b6 12. h4 e6 13. h5 Bb7 14. hxg6 hxg6
15. Nf4 Na5 16. Bd3 e5 17. Nh3 c4 18. Bc2 Rad8 19. d5 Bc8 20. g4 Nb7 21. Kg2
Nd6 22. g5 f5 23. gxf6 Bxf6 24. Rh1 Nf7 25. Qf3 Bh4 26. Rcg1 Nh6 27. Qe2 Ng4
28. Bd1 Kg7 29. Bg5 Bxf2 30. Rf1 Bc5 31. Bxd8 Qxd8 32. Rxf8 Qxf8 33. Qf3 Ne3+
34. Kh2 Qh8 35. Qg3 Kf7 36. Rg1 Qh6 37. Qf3+ Ke7 38. Rg3 g5 39. d6+ Qxd6 40.
Rxg5 Qd2+ 41. Be2 Kd8 42. Rg7 Bd7 43. Ng5 Kc8 44. Nh7 Qe1 45. Rg3 Qxc3 46. Nf6
Bc6 47. Ng4 Qd2 48. Nxe3 c3 49. Nc4 Qh6+ 50. Rh3 Qg5 51. Qg4+ 1-0

[Event "Maplewood inv."]
[Site "Waterloo CAN"]
[Date "2022.11.18"]
[Round "7"]
[White "Bosiocic, Marin"]
[Black "Sai Krishna, GV."]
[Result "1/2-1/2"]
[WhiteElo "2536"]
[BlackElo "2395"]
[PlyCount "133"]
[EventDate "2022.11.14"]
[EventType "tourn"]
[EventRounds "9"]
[EventCountry "CAN"]

1. Nf3 Nf6 2. c4 g6 3. b3 Bg7 4. Bb2 O-O 5. g3 c5 6. Bg2 Nc6 7. O-O d6 8. d4 a6
9. Nc3 Rb8 10. dxc5 dxc5 11. Na4 Nd7 12. Bxg7 Kxg7 13. Qd5 Qc7 14. Ng5 Nd8 15.
Ne4 Ne6 16. Rfd1 b5 17. cxb5 axb5 18. Nac3 b4 19. Na4 Nb6 20. Nxb6 Rxb6 21. Qd2
Qe5 22. f4 Qd4+ 23. Qxd4+ cxd4 24. Rac1 Bb7 25. Nc5 Nxc5 26. Rxc5 Ra8 27. Rd2
Bxg2 28. Kxg2 Rba6 29. Rcc2 Kf6 30. Rxd4 Rxa2 31. Rxa2 Rxa2 32. Kf3 Ra1 33.
Rxb4 Rh1 34. Kg2 Re1 35. Re4 Rb1 36. Re3 h5 37. Kf3 e6 38. Ke4 Rd1 39. h4 Rd2
40. Kf3 Rb2 41. Rc3 e5 42. e3 Ke6 43. e4 Kf6 44. Ke3 Rg2 45. Kf3 Rb2 46. Rc6+
Ke7 47. Rb6 exf4 48. gxf4 Rh2 49. Kg3 Re2 50. e5 Re3+ 51. Kg2 Re2+ 52. Kf3 Rh2
53. Kg3 Rb2 54. f5 gxf5 55. Kf4 Rg2 56. Kxf5 Rg4 57. Rb7+ Ke8 58. Kf6 Rg6+ 59.
Kf5 Rg4 60. b4 Rxh4 61. b5 Rb4 62. b6 h4 63. Kf6 Rf4+ 64. Kg5 Rb4 65. e6 fxe6
66. Kf6 Kd8 67. Kxe6 1/2-1/2